| 000 | 00582 a2200217 4500 | ||
|---|---|---|---|
| 001 | 16027 | ||
| 999 |
_c16027 _d16104 |
||
| 003 | TR-AnTOB | ||
| 005 | 20190408212811.0 | ||
| 008 | 130703s1999 tu 000 0 | ||
| 020 | _a9754947872 | ||
| 041 | _atur | ||
| 050 |
_aPL248.K35 _bA46 1999 |
||
| 090 | _aPL248.K35 A46 1999 | ||
| 100 |
_aKakınç, Tarık Dursun _96799 |
||
| 245 | 0 |
_aAlo, Harika Hanım nasılsınız? / _cTarık Dursun Kakınç. |
|
| 264 | 1 |
_aAnkara : _bBilgi Yayınevi, _c1999 |
|
| 300 |
_a221 p. ; _c21 cm. |
||
| 490 | 0 | _aTarık Dursun Kakınç Bütün Eserleri; 20 | |
| 902 | _a0007898 | ||
| 942 | _cBK | ||